00381pab a2200121 454500008004000000100002100040245009500061260000900156300001300165362001100178650003600189773003400225180718b2017 xxu||||| |||| 00| 0 eng d aSirohi, Rahul A. aColonial 'shock' and global inequalities: a critical review of new institutional economics c2017 ap.85-93. a19 Aug aEconomic and social development aEconomic and Political Weekly